000 00407nab a2200145Ia 4500
003 ES-SlBCS
005 20210601131732.0
008 140529s1954 xxu||||| |||| 00| 0 fre d
041 _afre
100 1 _aTonneau, Jean
_951217
245 0 0 _aUne leçon de prudence politique
_c Jean Tonneau
650 0 4 _aPolítica
_91783
773 0 _tVie Intelectuelle (La)
_gnº. 4, 1954, págs. 10-32
_wRev907
942 _cAR
999 _c567882
_d567882